000
00220nam a22000857a 4500
008
160718b xxu||||| |||| 00| 0 eng d
100
_9
3022
_a
Dev, C
245
_a
The Piper Book of Quotations
260
_a
New Delhi
_b
Piper Book
999
_c
2585
_d
2585